Villeros y villa miseria (Registro nro. 7073)

Detalles MARC
000 -LEADER
fixed length control field 00627 a2200205 4500
001 - CONTROL NUMBER
control field 60617
005 - DATE AND TIME OF LATEST TRANSACTION
control field 20260407155857.0
008 - FIXED-LENGTH DATA ELEMENTS--GENERAL INFORMATION
fixed length control field 260407a1985 arg spa d
003 - CONTROL NUMBER IDENTIFIER
control field AR-UNSa-BCEJYS
040 ## - CATALOGING SOURCE
Original cataloging agency AR-UNSa-BCEJYS
Language of cataloging spa
Transcribing agency AR-UNSa-BCEJYS
080 ## - UNIVERSAL DECIMAL CLASSIFICATION NUMBER
Universal Decimal Classification number 308
Common auxiliary subdivision Sociografía. Estudios descriptivos de la sociedad (cualitativos y cuantitativos)
020 ## - INTERNATIONAL STANDARD BOOK NUMBER
International Standard Book Number 978-950-25-0352-3
041 ## - LANGUAGE CODE
Language code of text/sound track or separate title spa
100 1# - MAIN ENTRY--PERSONAL NAME
Personal name Ratier, Hugo
245 10 - TITLE STATEMENT
Title Villeros y villa miseria
264 #1 - PRODUCTION, PUBLICATION, DISTRIBUTION, MANUFACTURE, AND COPYRIGHT NOTICE
Place of production, publication, distribution, manufacture Buenos Aires :
Name of producer, publisher, distributor, manufacturer Centro Editor de America Latina
Date of production, publication, distribution, manufacture, or copyright notice 1985
300 ## - PHYSICAL DESCRIPTION
Extent 101 p.
Dimensions 18 cm.
590 ## - LOCAL NOTE (RLIN)
Local note niveau_biblio:m niveau_hierar:0
942 ## - ADDED ENTRY ELEMENTS (KOHA)
Koha item type
Existencias
Withdrawn status Lost status Damaged status Not for loan Home library Current library Shelving location Date acquired Total checkouts Full call number Barcode Date last seen Price effective from Koha item type Public note
        Biblioteca Prof. Eusebio Cleto del Rey Biblioteca Prof. Eusebio Cleto del Rey   07/04/2026   308 R236 L129264 07/04/2026 07/04/2026 Libro DESDE INICIO A PÁG 14 UN POCO SUELTAS EN PARTE SUPERIOR